[Event "IECG TG.2004.0.15140"]
[Site "IECG email"]
[Date "2004.03.21"]
[Round "1"]
[White "Edwards, David M"]
[Black "Campbell, Aric"]
[Result "1-0"]
[WhiteElo "800"]
[BlackElo "800"]
[PlyCount "33"]
[EventDate "2004.03.21"]
[EventType "match (corr)"]
[EventRounds "2"]
[SourceTitle "Corr 2008"]
[Source "ChessBase"]
[SourceDate "2008.06.24"]
[SourceVersion "1"]
[SourceVersionDate "2008.06.24"]
[SourceQuality "1"]

1. e4 e5 2. Nc3 Nf6 3. Bc4 Nxe4 4. Nxe4 d5 5. Qh5 dxc4 6. Qxe5+ Be6 7. Nf3 Nc6 8. Qb5 Rb8 9. 0-0 a6 10. Qh5 Qd5 11. Nfg5 Be7 12. Nxe6 Qxe6 13. Re1 Qg6 14. Qf3 0-0 15. Qc3 Rbd8 16. Qxc4 Bb4 17. c3 1-0

[Event "IECG QN.2004.0.00317 email"]
[Site "IECG email"]
[Date "2004.03.21"]
[Round "?"]
[White "Venturas, Bob"]
[Black "Edwards, David M"]
[Result "0-1"]
[WhiteElo "685"]
[BlackElo "800"]
[PlyCount "77"]
[EventDate "2004.03.21"]
[EventType "tourn (corr)"]
[EventRounds "6"]
[SourceTitle "Corr 2008"]
[Source "ChessBase"]
[SourceDate "2008.06.24"]
[SourceVersion "1"]
[SourceVersionDate "2008.06.24"]
[SourceQuality "1"]

1. e4 e5 2. Nf3 d6 3. h3 Nf6 4. Nc3 g6 5. Bc4 Be6 6. Bxe6 fxe6 7. d3 Nc6 8. a3 d5 9. Bg5 Bg7 10. Qd2 h6 11. Bh4 dxe4 12. Bxf6 e3 13. Qxe3 Qxf6 14. Qe4 a6 15. 0-0 0-0-0 16. Rfe1 Nd4 17. Nxe5 Nxc2 18. Ng4 Qf5 19. Qxe6+ Qxe6 20. Rxe6 Nxa1 21. Rxg6 Bxc3 22. bxc3 Rxd3 23. Nxh6 Rxc3 24. g4 Rxh3 25. Nf7 Re8 26. a4 Rf3 27. Ng5 Ra3 28. f3 Rxa4 29. Kg2 Nb3 30. Ne4 Nd4 31. Rf6 Nxf3 32. Kxf3 Raxe4 33. g5 R4e6 34. Kf4 Rxf6+ 35. gxf6 Rd8 36. Kf5 a5 37. f7 a4 38. Kf6 a3 39. Ke7 0-1

[Event "BCF-chT3 0102 (4NCL)"]
[Site "Birmingham"]
[Date "2002.03.23"]
[Round "7.2"]
[White "Morris, Gareth"]
[Black "Edwards, David M"]
[Result "1/2-1/2"]
[WhiteElo "2175"]
[BlackElo "2189"]
[PlyCount "54"]
[EventDate "2001.09.??"]
[EventType "team"]
[EventRounds "11"]
[EventCountry "ENG"]
[SourceTitle "EXT 2003"]
[Source "ChessBase"]
[SourceDate "2002.11.25"]
[SourceVersion "1"]
[SourceVersionDate "2002.11.25"]
[SourceQuality "1"]
[WhiteTeam "Nidum Knights"]
[BlackTeam "South County Stars"]
[WhiteTeamCountry "ENG"]
[BlackTeamCountry "ENG"]

1. d4 Nf6 2. c4 e6 3. g3 Bb4+ 4. Bd2 Qe7 5. Bg2 0-0 6. Nc3 c5 7. a3 Ba5 8. dxc5 Nc6 9. b4 Bc7 10. Nf3 a5 11. Nb5 Bb8 12. 0-0 Ne4 13. Be1 f5 14. Nfd4 Be5 15. f4 Bf6 16. Rb1 Nxd4 17. Nxd4 d6 18. cxd6 Qxd6 19. Nb3 Qc7 20. Qc2 b6 21. Nd2 Nxd2 22. Bxd2 Ba6 23. Rfc1 Rac8 24. c5 axb4 25. axb4 bxc5 26. b5 Bb7 27. Qc4 Rfe8 1/2-1/2

[Event "BCF-chT3 0102 (4NCL)"]
[Site "Birmingham"]
[Date "2001.11.25"]
[Round "4.1"]
[White "Edwards, David M"]
[Black "Singleton, Michael Peter F"]
[Result "1/2-1/2"]
[WhiteElo "2189"]
[BlackElo "2080"]
[PlyCount "120"]
[EventDate "2001.09.??"]
[EventType "team"]
[EventRounds "11"]
[EventCountry "ENG"]
[SourceTitle "EXT 2003"]
[Source "ChessBase"]
[SourceDate "2002.11.25"]
[SourceVersion "1"]
[SourceVersionDate "2002.11.25"]
[SourceQuality "1"]
[WhiteTeam "South County Stars"]
[BlackTeam "Guildford III"]
[WhiteTeamCountry "ENG"]
[BlackTeamCountry "ENG"]

1. e4 c5 2. Nf3 Nc6 3. Bb5 Nd4 4. Nxd4 cxd4 5. 0-0 g6 6. d3 Bg7 7. f4 Nf6 8. Nd2 0-0 9. Nf3 d5 10. e5 Ng4 11. Qe2 f6 12. h3 Ne3 13. Bxe3 dxe3 14. Ba4 Qb6 15. Bb3 Be6 16. c3 a5 17. Rab1 a4 18. Bc2 fxe5 19. fxe5 d4 20. Nxd4 Bxe5 21. Rxf8+ Rxf8 22. Qxe3 Bxd4 23. Qxd4 Qxd4+ 24. cxd4 b5 25. Re1 Bxa2 26. Rxe7 Rc8 27. Re2 Ra8 28. Bd1 b4 29. Rc2 Bb1 30. Rc1 Bxd3 31. Ra1 Bb5 32. Kf2 Kg7 33. Ke3 Kf6 34. Bf3 Rc8 35. Bd1 b3 36. Kd2 Kg5 37. Rc1 Rxc1 38. Kxc1 Kf4 39. Kd2 h5 40. Bf3 Bd7 41. Bb7 g5 42. d5 Ke5 43. Bc6 Bxc6 44. dxc6 Kd6 45. Kc3 Kxc6 46. Kb4 Kd5 47. Kxa4 Ke4 48. Kxb3 Kf4 49. Kc4 Kg3 50. b4 Kxg2 51. b5 Kxh3 52. b6 g4 53. b7 g3 54. b8Q h4 55. Qc8+ Kh2 56. Qg4 h3 57. Qf4 Kg2 58. Qd2+ Kh1 59. Qc1+ Kh2 60. Qf4 Kg2 1/2-1/2

[Event "Hastings weekend op"]
[Site "Hastings"]
[Date "2000.01.07"]
[Round "1"]
[White "Plaskett, H James"]
[Black "Edwards, David M"]
[Result "0-1"]
[WhiteElo "2515"]
[BlackElo "2137"]
[PlyCount "91"]
[EventDate "2000.01.07"]
[EventType "swiss"]
[EventRounds "9"]
[EventCountry "ENG"]
[SourceTitle "EXT 2001"]
[Source "ChessBase"]
[SourceDate "2000.11.22"]
[SourceVersion "1"]
[SourceVersionDate "2000.11.22"]
[SourceQuality "1"]

1. e4 d5 2. exd5 Nf6 3. d4 Nxd5 4. Nf3 c6 5. g3 Bf5 6. Bg2 e6 7. 0-0 Be7 8. Qe2 0-0 9. Rd1 Nd7 10. c4 N5f6 11. Nc3 Re8 12. Bf4 Nf8 13. h3 Bd6 14. Bxd6 Qxd6 15. Ne5 Rad8 16. a3 N8d7 17. c5 Qc7 18. Nc4 Bg6 19. Re1 e5 20. Qe3 exd4 21. Qxd4 Nf8 22. Nd6 Rxe1+ 23. Rxe1 Ne6 24. Qe3 Nxc5 25. Nxf7 Re8 26. Ne5 Nd3 27. Nxd3 Rxe3 28. Rxe3 Bxd3 29. Rxd3 Qe5 30. Re3 Qd6 31. Bf3 Kf8 32. Ne4 Nxe4 33. Bxe4 g6 34. Bf3 b6 35. b4 c5 36. bxc5 bxc5 37. Be2 Qd4 38. Bf1 Qa1 39. Kg2 Qc1 40. Rb3 a5 41. Re3 c4 42. Bxc4 Qxc4 43. h4 Kf7 44. Kg1 Kf6 45. Kh2 Kf5 46. Re8 0-1